<?xml version="1.0" encoding="UTF-8"?>
<record
    xmlns:xsi="http://www.w3.org/2001/XMLSchema-instance"
    xsi:schemaLocation="http://www.loc.gov/MARC21/slim http://www.loc.gov/standards/marcxml/schema/MARC21slim.xsd"
    xmlns="http://www.loc.gov/MARC21/slim">

  <leader>00868nam a22002537a 4500</leader>
  <controlfield tag="003">UA-OsUOA</controlfield>
  <controlfield tag="001"> 65952 </controlfield>
  <controlfield tag="007">ta</controlfield>
  <controlfield tag="008">20091214b un ||||| |||| 00| 0 ukr d</controlfield>
  <datafield tag="100" ind1=" " ind2=" ">
    <subfield code="a">&#x41D;&#x438;&#x43A;&#x43E;&#x440;&#x430;&#x43A; &#x41E;.</subfield>
  </datafield>
  <datafield tag="090" ind1=" " ind2=" ">
    <subfield code="a">745.52(477.8)</subfield>
    <subfield code="b">&#x41D;64</subfield>
  </datafield>
  <datafield tag="942" ind1=" " ind2=" ">
    <subfield code="c">BK</subfield>
  </datafield>
  <datafield tag="040" ind1=" " ind2=" ">
    <subfield code="a">UA-OsUOA</subfield>
    <subfield code="b">ukr</subfield>
    <subfield code="c">UA-OsUOA</subfield>
    <subfield code="d">UA-OsUOA</subfield>
  </datafield>
  <datafield tag="245" ind1=" " ind2=" ">
    <subfield code="a">&#x423;&#x43A;&#x440;&#x430;&#x457;&#x43D;&#x441;&#x44C;&#x43A;&#x430; &#x43D;&#x430;&#x440;&#x43E;&#x434;&#x43D;&#x430; &#x442;&#x43A;&#x430;&#x43D;&#x438;&#x43D;&#x430; &#x425;&#x406;&#x425; - &#x425;&#x425; &#x441;&#x442;.</subfield>
    <subfield code="b">&#x422;&#x438;&#x43F;&#x43E;&#x43B;&#x43E;&#x433;&#x456;&#x44F;, &#x43B;&#x43E;&#x43A;&#x430;&#x43B;&#x456;&#x437;&#x430;&#x446;&#x456;&#x44F;, &#x445;&#x443;&#x434;&#x43E;&#x436;&#x43D;&#x456; &#x43E;&#x441;&#x43E;&#x431;&#x43B;&#x438;&#x432;&#x43E;&#x441;&#x442;&#x456;</subfield>
  </datafield>
  <datafield tag="300" ind1=" " ind2=" ">
    <subfield code="a">583 &#x441;.</subfield>
  </datafield>
  <datafield tag="955" ind1=" " ind2=" ">
    <subfield code="a">2</subfield>
  </datafield>
  <datafield tag="041" ind1=" " ind2=" ">
    <subfield code="a">ukr</subfield>
  </datafield>
  <datafield tag="080" ind1=" " ind2=" ">
    <subfield code="a">745.52(477.8)</subfield>
  </datafield>
  <datafield tag="020" ind1=" " ind2=" ">
    <subfield code="a">966-02-3633-6</subfield>
  </datafield>
  <datafield tag="260" ind1=" " ind2=" ">
    <subfield code="a">&#x41B;&#x44C;&#x432;&#x456;&#x432;</subfield>
    <subfield code="b">2004</subfield>
    <subfield code="c">2004</subfield>
  </datafield>
  <datafield tag="246" ind1="3" ind2="1">
    <subfield code="a">1</subfield>
    <subfield code="n">&#x406;&#x43D;&#x442;&#x435;&#x440;'&#x454;&#x440;&#x43D;&#x456; &#x442;&#x43A;&#x430;&#x43D;&#x438;&#x43D;&#x438; (&#x437;&#x430; &#x43C;&#x430;&#x442;&#x435;&#x440;&#x456;&#x430;&#x43B;&#x430;&#x43C;&#x438; &#x437;&#x430;&#x445;&#x456;&#x434;&#x43D;&#x438;&#x445; &#x43E;&#x431;&#x43B;&#x430;&#x441;&#x442;&#x435;&#x439; &#x423;&#x43A;&#x440;&#x430;&#x457;&#x43D;&#x438;)</subfield>
  </datafield>
  <datafield tag="650" ind1=" " ind2="7">
    <subfield code="a">745 &#x425;&#x443;&#x434;&#x43E;&#x436;&#x43D;&#x456; &#x440;&#x435;&#x43C;&#x435;&#x441;&#x43B;&#x430;, &#x43F;&#x440;&#x43E;&#x43C;&#x438;&#x441;&#x43B;&#x438;</subfield>
    <subfield code="2">UDC</subfield>
  </datafield>
  <datafield tag="999" ind1=" " ind2=" ">
    <subfield code="c">351624</subfield>
    <subfield code="d">351624</subfield>
  </datafield>
  <datafield tag="952" ind1=" " ind2=" ">
    <subfield code="0">0</subfield>
    <subfield code="1">0</subfield>
    <subfield code="2">udc</subfield>
    <subfield code="4">0</subfield>
    <subfield code="7">0</subfield>
    <subfield code="8">C_ZHULYNSKYI</subfield>
    <subfield code="a">102</subfield>
    <subfield code="b">102</subfield>
    <subfield code="d">2009-12-14</subfield>
    <subfield code="e">132/2009</subfield>
    <subfield code="g">45.00</subfield>
    <subfield code="i">125222</subfield>
    <subfield code="l">1</subfield>
    <subfield code="o">745.52(477.8) &#x41D;64</subfield>
    <subfield code="p">125222</subfield>
    <subfield code="q">2026-02-25</subfield>
    <subfield code="r">2025-11-27 14:22:14</subfield>
    <subfield code="s">2025-11-27</subfield>
    <subfield code="w">2009-12-14</subfield>
    <subfield code="y">BK</subfield>
  </datafield>
</record>
